Music Quiz

Random Music or Bands Quiz

Was That Song a Cover? Quiz Stats

 Plays Quiz Updated Nov 23, 2018

Challenge
Share
Tweet
Embed
Score 0/21 Timer 04:00
9 Plays Today
% Correct
Madonna - American Pie
91.2%
William Shatner - Lucy in the Sky with Diamonds
90.4%
Run DMC - Walk This Way
83.9%
Jeff Buckley - Hallelujah
83%
Counting Crows - Big Yellow Taxi
81.1%
Whitney Houston - I Will Always Love You
81%
All Saints - Lady Marmalade
78.5%
Johnny Cash - Hurt
76.6%
Jimi Hendrix - All Along the Watchtower
75.7%
The Clash - I Fought the Law
73%
The Animals - The House of the Rising Sun
71.1%
% Correct
James Taylor - You've Got a Friend
69.5%
Sinéad O' Connor - Nothing Compares 2 U
68.3%
Soft Cell - Tainted Love
67.8%
Linda Rondstadt - Blue Bayou
66.8%
Elvis Presley - Hound Dog
65.7%
Joan Jett - I Love Rock and Roll
63.2%
Santana - Black Magic Woman
56.6%
Aretha Franklin - Respect
56.6%
Natalie Imbruglia - Torn
50.3%
Toni Basil - Mickey
47.1%

You're not logged in!

Compare scores with friends on all Sporcle quizzes.
OR
Log In

You Might Also Like...

Show Comments

Extras

Top Quizzes Today


Score Distribution

Your Account Isn't Verified!

In order to create a playlist on Sporcle, you need to verify the email address you used during registration. Go to your Sporcle Settings to finish the process.

Report this User

Report this user for behavior that violates our Community Guidelines.

Details: